Cinta Fansuri

Bibliographic Details
Main Author: A. Samad Ismail
Format: Book
Published: Kuala Lumpur : Fajar Bakti , 1994
Series:Siri Sastera Moden Fajar Bakti
Subjects:

MARC

LEADER 00000cam a2200000 7i4500
001 0000003302
002 000003563
005 20000330.0
020 |a 9676526738 
090 0 0 |a F   |b ASA 
100 0 |a A. Samad Ismail 
245 1 0 |a Cinta Fansuri   |c A.Samad Said 
260 |a Kuala Lumpur :   |b Fajar Bakti ,   |c 1994 
300 |a 156p. ;   |c 21cm. 
490 0 |a Siri Sastera Moden Fajar Bakti 
650 0 0 |a Malay fiction 
999 |a 036862   |b BUKU   |c PINJAMAN   |e PERPUSTAKAAN KOMUNITI PETALING JAYA